| 000 | 00657nam a2200241Ia 4500 | ||
|---|---|---|---|
| 005 | 20250508165432.0 | ||
| 008 | 008 250505s9999 xx 000 0 eng d | ||
| 020 | _a978-1-4082-0505-1 | ||
| 037 | _aTextBook | ||
| 040 |
_aFEDL _beng _cFEDL |
||
| 041 |
_aeng _2eng |
||
| 084 |
_a808.042, HYL/R _qFEDL |
||
| 100 | _aHyland Ken | ||
| 245 | 0 | _aTeaching and researching writing | |
| 250 | _a2 | ||
| 260 |
_aLondon, UK _bRoutledge _c2009 |
||
| 300 | _axi, 263p. | ||
| 365 |
_aINR _b795 |
||
| 490 | _aApplied Linguistics in Action | ||
| 546 | _aFirst Indian reprint, 2014 | ||
| 942 |
_cTB _h808.042, HYL/R |
||
| 999 |
_c1395084 _d1395084 |
||